000 00575nam a2200241 a 4500
001 nice12345678
003 IN_TiNIC
005 20260116011509.0
008 050524s1967 laha grp 000 0 urd
020 _a
_c4
082 0 0 _a922.97
_bASI
100 _aAsimi, Saib
245 _aIqbal Qalandeer Nahin Tha
260 _aLahore
_bTakhleeq Kaar
_c1967
300 _a228p
500 _aincludes index and biblioraphy
505 2 _aill, bibliography
650 _aIqbal Muhammad-Poetry
700 1 _aAsimi, Saib
902 _bSRS
942 _cBK
999 _c2047
_d2047